Handbook of library classification systems (Record no. 17758)

MARC details
000 -LEADER
fixed length control field 00367nam a2200145Ia 4500
008 - FIXED-LENGTH DATA ELEMENTS--GENERAL INFORMATION
fixed length control field 140316s9999 xx 000 0 und d
020 ## - INTERNATIONAL STANDARD BOOK NUMBER
International Standard Book Number 8186104151
082 ## - DEWEY DECIMAL CLASSIFICATION NUMBER
Classification number 025.42
Item number KHA/HA
100 ## - MAIN ENTRY--PERSONAL NAME
Personal name Khanna,J K
245 ## - TITLE STATEMENT
Title Handbook of library classification systems
260 ## - PUBLICATION, DISTRIBUTION, ETC. (IMPRINT)
Place of publication, distribution, etc. New Delhi
Name of publisher, distributor, etc. Beacon Books
Date of publication, distribution, etc. 1996
300 ## - PHYSICAL DESCRIPTION
Extent 472
700 ## - ADDED ENTRY--PERSONAL NAME
Personal name Vohra,R
942 ## - ADDED ENTRY ELEMENTS (KOHA)
Source of classification or shelving scheme Dewey Decimal Classification
Koha item type Reference Book
Holdings
Withdrawn status Lost status Source of classification or shelving scheme Damaged status Not for loan Home library Current library Shelving location Date acquired Total Checkouts Full call number Barcode Date last seen Date checked out Price effective from Koha item type
    Dewey Decimal Classification     KAU Central Library, Thrissur KAU Central Library, Thrissur Closed Reference 18/03/2014 2 025.42 KHA/HA 202262 05/04/2023 05/04/2023 18/03/2014 Books (General)
Kerala Agricultural University Central Library
Thrissur-(Dt.), Kerala Pin:- 680656, India
Ph : (+91)(487) 2372219
E-mail: librarian@kau.in
Website: http://library.kau.in/